000 00703nam a22002417a 4500
003 UA-OsUOA
001 52610
007 ta
008 20150716b un ||||| |||| 00| 0 ukr d
100 _aКирстюк К.
090 _a09.-282
_bК43
942 _cBK
040 _aUA-OsUOA
_bukr
_cUA-OsUOA
_dUA-OsUOA
245 _aЧи папа є намісником Ісуса Христа?
300 _a56 с.
955 _a1
041 _aukr
080 _a09.-282
260 _aФилядельфія
_c1936
650 7 _a0 Загальний відділ.
_2UDC
999 _c432732
_d432732